logo

Bir Sreshtho Munshi Abdur Rouf Library
Jhenaidah Cadet College

One-Act Comedies / (Record no. 6589)

MARC details
000 -LEADER
fixed length control field 00540nam a2200217 a 4500
001 - CONTROL NUMBER
JCCL Control Number 6589
003 - CONTROL NUMBER IDENTIFIER
JCCL marc code BD-JhCC
005 - DATE AND TIME OF LATEST TRANSACTION
control field 20180130180053.0
008 - FIXED-LENGTH DATA ELEMENTS--GENERAL INFORMATION
fixed length control field 180127s1962 e |||| || | 000 0 eng d
035 ## - SYSTEM CONTROL NUMBER
system control number (BD-JhCC)6589
040 ## - CATALOGING SOURCE
Original cataloging agency BD-JhCC
Modifying agency BD-JhCC
041 ## - LANGUAGE CODE
Language code of Book eng
082 ## - DEWEY DECIMAL CLASSIFICATION NUMBER
Classification number 422.08
Author mark and Year ONE 1962
245 ## - TITLE STATEMENT
Title One-Act Comedies /
Statement of responsibility, etc Philip Wayne,
260 ## - PUBLICATION, DISTRIBUTION, ETC. (IMPRINT)
Place of publication, distribution, etc London :
Name of publisher, distributor, etc Longmans, Green and Co. Ltd,
Date of publication, distribution, etc 1962
300 ## - PHYSICAL DESCRIPTION
Pagination 175 p. :
Dimensions 17 cm.
650 ## - SUBJECT ADDED ENTRY--TOPICAL TERM
Topical term or geographic name as entry element French Drama
700 ## - ADDED ENTRY--PERSONAL NAME
Personal name Wayne, Philip
942 ## - ADDED ENTRY ELEMENTS (KOHA)
Source of classification or shelving scheme Dewey Decimal Classification
Koha item type Books
Holdings
Source of classification or shelving scheme Damaged status Not for loan Home library Current library Shelving location Date of accession Total Checkouts Full call number Barcode Date last seen Copy number Koha item type
Dewey Decimal Classification     JCC Rouf Library JCC Rouf Library General Stacks 01/27/2018   422.08 ONE 1962 8906 01/27/2018 C-1 Books

JCC Library | Contacts | JCC Home

Last Update on 23 September 2017
Copyright @ 2017-2020 JCC Rouf Library
Rouf Library, Jhenidah Cadet College (JCC), Bangladesh